00791 2200277 4500001002100000005001700021008004100038035002400079082000800103090001500111100002200126245012700148250001100275260003200286300002500318500003100343650002200374700001300396700003100409850001500440980001300455985000600468999001300474999001300487999001300500YOGYA-0209000000707320090227020959.0 ind  0010-020900000007073 a352 a352bSin D aSINAMBELA, Mahadi aDilema otonomi daerah & masa depan nasionalisme IndonesiacMahadi Sinambela, Azhari S. ; editor Hessel Nogi S. Tangkilisan aCet. 1 aYogyakartabBalairungc2003 a158 hlmbilusc25 cm aBibliografi : hlm. 151-156 aPemerintah Daerah aAzhari S aTangkilisan, Hessel Nogi S aYOPDYOG(B) a04-10-06 a3 a04P00214 a04P00215 a04P00216